Pasma górskie w Polsce - nagła śmierć - Statystyki

Ogólne statystyki
  • Ten quiz został rozwiązany 203 razy
  • Średni wynik to 10 z 16
Answers on the Grid
Answers color-coded by a green-red scale on the quiz's grid according to % correct below.
Beskid Krakowski
Beskid Niski
Beskid Rzeszowski
Beskid Sądecki
Beskid Sanocki
Beskid Śląski
Beskid Wyspowy
Beskid Żywiecki
Bieszczady
Gorce
Góry Babiogórskie
Góry Czarnoleskie
Góry Izerskie
Góry Kaczawskie
Góry Krośnieńskie
Góry Sowie
Góry Srebrne
Góry Stołowe
Góry Złote
Karkonosze
Łysogóry
Pieniny
Tatry
Tatry Niskie
 
Statystyki odpowiedzi
Odpowiedź % Poprawnych
Bieszczady
84%
Tatry
84%
Pieniny
79%
Karkonosze
76%
Beskid Niski
74%
Beskid Żywiecki
73%
Góry Stołowe
73%
Beskid Śląski
72%
Beskid Sądecki
71%
Góry Sowie
71%
Góry Izerskie
69%
Gorce
57%
Góry Kaczawskie
52%
Beskid Wyspowy
48%
Góry Złote
39%
Łysogóry
24%
Nie znaleziono quizów pasujących do podanych kryteriów
Rozkład punktacji
Procent ludzi z każdym wynikiem
Percentyl według liczby udzielonych odpowiedzi
Twoja historia wyników
Nie rozwiązałeś tego quizu